History of the wings a foremost Nigerian pop group of the 70s

Saved in:
Bibliographic Details
Main Author: BEST Manford
Format: Book
Language:English
Published: Book Konsult 2016
Tags: Add Tag
No Tags, Be the first to tag this record!

MARC

LEADER 00000nam a22000007a 4500
008 210615b ||||| |||| 00| 0 eng d
020 |a 978-37819-9-5 
100 |a BEST Manford. 
245 |a History of the wings  |b a foremost Nigerian pop group of the 70s  |c Manford Best  |g x, 258p; ill. 
260 |b Book Konsult  |c 2016  |h Imo, Nigeria  |i 691311  |l ML421 .B46  |m Wings (Musical group: Nigeria)  |m Rock musicians – Nigeria – Biography.   |m Rock music – Nigeria – 1991-1980 – History and criticism. 
942 |a lcc  |c BK  |e YUNUSA, A.A.  |f 15/6/21 
952 |0 0  |1 0  |2 lcc  |4 0  |6 ML0421 B46  |7 0  |9 2583  |a HOL  |b HOL  |c LP  |d 2021-06-15  |l 0  |o ML421 .B46  |p 2021-6433  |r 2021-06-15 00:00:00  |w 2021-06-15  |y BK 
999 |c 1350  |d 1350